00614nam a2200169Ia 4500008004100000100001700041245011900058245003800177260005900215260000900274300001000283650001800293650001500311856002600326999001900352952007300371170221s9999 xx 000 0 und d aK. Hashim L. aPerceptions of Social Media Impact on Social Behavior of Students: A Comparison between Arts and Science Faculty  cK. Hashim L., Al-Sharqi I. Kutbi. bOnline Journal of Communication and Media Technologies c2016 a6 : 4 xCommunication xMedia Arts uhttp://www.ojcmt.net/ c306863d306863 001040aCLbCLd2017-02-21l0r2017-02-21 00:00:00w2017-02-21yFOJ